00656nam a2200157 a 4500003000200000005001700002008004100019050002700060100002200087245013100109260009000240300004000330504004100370650004000411650004700451020250516151544.0030519s19uu xx 00 eng d aPHS HV 5800b.S55 2003 aShimizu, Keiko G. aA Study on the effects of rehabilitation to drug dependent patients of Silver Crest Rehabilitation Center /cKeiko G. Shimizu. aLas Piñas City, Philippines :bSouthville International School and Colleges,c2003. a33 pages :billustrations ;c28 cm. aIncludes bibliographical references. aDrug abusexTreatmentzPhilippines. aDrug addictsxRehabilitationzPhilippines.